000 002380000a22000970004500
100 1 _aMcConnell, Cecilio
245 1 0 _aSemilla para sermones
300 _aNum. 19 (Abril, 1982), Páginas 66-69
773 0 _tDiálogo teológico
942 _cANA
999 _c53321
_d53321